Банкротство как форма согласования экономических интересов бизнеса и государства в рыночной экономике; Справочник. Инженерный журнал; № 7

Dettagli Bibliografici
Parent link:Справочник. Инженерный журнал: научно-технический и производственный журнал.— , 2000-.— 0203-347X
№ 7.— 2006.— С. 55-58
Autore principale: Рольская М. А.
Lingua:russo
Pubblicazione: 2006
Serie:Экономика
Soggetti:
Natura: MixedMaterials Capitolo di libro
KOHA link:https://koha.lib.tpu.ru/cgi-bin/koha/opac-detail.pl?biblionumber=403342

MARC

LEADER 00000naa2a2200000 4500
001 403342
005 20231101065907.0
035 |a (RuTPU)RU\TPU\prd\49537 
090 |a 403342 
100 |a 20070312a2006 k y0rusy50 ca 
101 0 |a rus 
102 |a RU 
200 1 |a Банкротство как форма согласования экономических интересов бизнеса и государства в рыночной экономике  |f М. А. Рольская 
225 1 |a Экономика 
461 0 |0 (RuTPU)RU\TPU\prd\1723  |x 0203-347X  |t Справочник. Инженерный журнал  |o научно-технический и производственный журнал  |d 2000- 
463 0 |0 (RuTPU)RU\TPU\prd\47137  |t № 7  |v С. 55-58  |d 2006 
610 1 |a рыночная экономика 
610 1 |a банкротство 
610 1 |a экономические интересы 
610 1 |a формы согласования 
610 1 |a государство 
610 1 |a бизнес 
700 1 |a Рольская  |b М. А. 
801 1 |a RU  |b 63413507  |c 20070312  |g PSBO 
801 2 |a RU  |b 63413507  |c 20140117  |g RCR 
942 |c BK